| 000 | 00419nam a22001817a 4500 | ||
|---|---|---|---|
| 003 | MPLRDC | ||
| 005 | 20220104181606.0 | ||
| 008 | 210129b ||||| |||| 00| 0 eng d | ||
| 020 | _a983-859-003-3 | ||
| 082 | _a250 YAA | ||
| 100 | _aAKHIR HJ. YAACOB | ||
| 245 |
_aPERLEMBAGAAN ISLAM _c |
||
| 250 | _a初版 | ||
| 260 |
_a _bAL-RAHMANIAH _c1990 |
||
| 300 | _b平 | ||
| 650 | _a回教总论 | ||
| 942 |
_cBK _o250 YAA |
||
| 999 |
_c61526 _d61516 |
||